| 000 | 00944cam a2200253 a 4500 | ||
|---|---|---|---|
| 001 | 000006321 | ||
| 005 | 20200929153921.0 | ||
| 008 | 930826s1989 sp b 001 0 spa d | ||
| 020 | _a8478200363 | ||
| 040 |
_aDO-SdBNP _bspa _cIU _dDLC _dBNPHU |
||
| 082 |
_a860.64 _bC169m |
||
| 100 | 1 |
_aCalvo Carilla, José Luis. _d1950- _917631 |
|
| 245 | 1 | 3 |
_aEl modernismo literario en Aragón / _cJosé Luis Calvo Carilla. |
| 260 |
_aZaragoza, España : _bInstitución Fernando el Católico, _c1989. |
||
| 300 |
_a251 p. ; _c31 cm. |
||
| 490 | 1 |
_aInstitución Fernando el Católico _v1197 |
|
| 504 | _aIncluye referencias bibliográficas (p. [227] -242) | ||
| 504 | _aIncluye índice | ||
| 650 | 4 |
_aModernismo (literatura) _zAragon (España{Rpara} _917632 |
|
| 650 | 4 |
_aLiteratura española _ySIGLO XX _xHistoria y crítica _93061 |
|
| 830 | 0 |
_aInstitución Fernando el Católico ; _v1197 _916722 |
|
| 910 | _aCatalogación por copia / LC | ||
| 049 | _aBNGR | ||
| 999 |
_c6116 _d6116 |
||